600 essential words for the Toeic test

Đã lưu trong:
书目详细资料
主要作者: Lougheed, Lin
格式: 图书
语言:Undetermined
出版: Thành phố Hồ Chí Minh Trẻ 2004
主题:
标签: 添加标签
没有标签, 成为第一个标记此记录!
Thư viện lưu trữ: Trung tâm Học liệu Trường Đại học Cần Thơ
LEADER 00527nam a2200193Ia 4500
001 CTU_195012
008 210402s9999 xx 000 0 und d
082 |a 428.0076 
082 |b L887/CD.4 
100 |a Lougheed, Lin 
245 0 |a 600 essential words for the Toeic test 
245 0 |c Lin Lougheed 
260 |a Thành phố Hồ Chí Minh 
260 |b Trẻ 
260 |c 2004 
650 |a English language 
650 |x Examinations 
904 |i Tuyen 
980 |a Trung tâm Học liệu Trường Đại học Cần Thơ